Dopasuj trenera do klubu 1# (Ekstraklasa) - Statystyki

Ogólne statystyki
  • Ten quiz został rozwiązany 333 razy
  • Średni wynik to 8 z 15
Statystyki odpowiedzi
Klub Imię i nazwisko trenera % Poprawnych
Cracovia Michał Probierz
94%
Legia Warszawa Aleksandar Vuković
78%
Piast Gliwice Waldemar Fornalik
74%
Lechia Gdańsk Piotr Stokowiec
70%
Raków Częstochowa Marek Papszun
65%
Lech Poznań Dariusz Żuraw
61%
Jagiellonia Białystok Ireneusz Mamrot
60%
Pogoń Szczecin ‎Kosta Runjaić
53%
Wisła Kraków ‎Maciej Stolarczyk
48%
ŁKS Łódź ‎Kazimierz Moskal
45%
Korona Kielce Gino Lettieri
40%
Śląsk Wrocław Vitezslav Lavicka
39%
Wisła Płock Leszek Ojrzyński
37%
Arka Gdynia Jacek Zieliński
30%
Zagłębie Lubin Ben van Dael
21%
Nie znaleziono quizów pasujących do podanych kryteriów
Rozkład punktacji
Procent ludzi z każdym wynikiem
Percentyl według liczby udzielonych odpowiedzi
Twoja historia wyników
Nie rozwiązałeś tego quizu